000 00273nam a22001217a 4500
008 180112b xxu||||| |||| 00| 0 eng d
041 _aeng
080 _a82
100 _a21
101 _aGJL
245 _aThe book of modern composers
_cCalvocoressi,M.D
942 _2udc
_cBK
999 _c40182
_d40182